|
|
|
|
| LEADER |
00927nam a2200229 a 4500 |
| 001 |
2297806 |
| 008 |
100321s1980 caua b 000 0 eng d |
| 010 |
|
|
|a \\\80005821
|
| 020 |
|
|
|a 0803914946 (pbk.)
|
| 040 |
|
|
|a DLC
|c DLC
|d DLC
|d BD-DhAAL
|
| 082 |
0 |
0 |
|a 519.5/36
|2 19
|
| 100 |
2 |
|
|a Lewis-Beck, Michael S.
|
| 245 |
1 |
0 |
|a Applied regression :
|b an introduction /
|c Michael S. Lewis-Beck.
|
| 260 |
|
|
|a Beverly Hills, Calif. ;
|a New Delhi :
|b Sage Publications,
|c c1980.
|
| 300 |
|
|
|a 79 p. :
|b ill. ;
|c 22 cm.
|
| 490 |
0 |
|
|a Sage university papers series.
|p Quantitative applications in the social sciences ;
|v no. 07-022
|
| 504 |
|
|
|a Bibliography: p. 77
|
| 541 |
1 |
|
|e 00005823
|
| 650 |
|
0 |
|a Regression analysis.
|
| 852 |
4 |
|
|a Ayesha Abed Library
|j General Shelf
|
| 999 |
|
|
|c 7823
|d 7823
|
| 952 |
|
|
|0 0
|1 0
|2 ddc
|4 0
|6 519_536000000000000_LEW_1980
|7 0
|9 8726
|a BRACUL
|b BRACUL
|c GEN
|d 2010-03-21
|g 9094.50
|l 0
|o 519.536 LEW
|p 3010005823
|r 2010-03-21
|t 1
|w 2010-03-21
|y BK
|